| 000 | 00498nam a2200145 i 4500 | ||
|---|---|---|---|
| 001 | 190159 | ||
| 003 | ES-MaACL | ||
| 005 | 20230906223644.0 | ||
| 008 | 200903s1890 sp |||| | spa d | ||
| 110 | 2 |
_aUnión Linera Española. _9170251 |
|
| 245 | 1 | 0 |
_aExposición dirigida por la Junta Directiva de la Unión Linera Española al Excmo. Sr. Ministro de Hacienda / _c. |
| 260 |
_aBarcelona : _b[s.n.], _c1890 ( _fEst. tip. "La Academia") |
||
| 300 |
_a26 p. ; _ccm. |
||
| 852 |
_aES-MaACL _jT-508-F-9 |
||
| 999 |
_c190159 _d190159 |
||